[Event "CAT-ch Open-Women 2019"]
[Site "Platja de la Pineda"]
[Date "2019.04.22"]
[Round "8.6"]
[White "Garcia Jimenez, Francisco Javier"]
[Black "Moskalenko, Viktor"]
[Result "1-0"]
[WhiteElo "2254"]
[BlackElo "2515"]
[Annotator "TA"]
[PlyCount "113"]
[EventDate "2019.04.18"]
[EventType "swiss"]
[EventCountry "ESP"]
[SourceTitle "playchess.com"]
[Source "ChessBase"]
[SourceQuality "1"]

{[%evp 9,117,-11,7,8,5,-24,1,-19,-19,-23,12,-24,4,-73,-67,-68,-68,-56,-35,-95,-97,-97,-102,-211,-204,-183,-127,-137,-122,-129,-127,-164,-131,-219,-183,-212,-177,-165,-127,-125,-149,-244,-243,-237,-239,-231,-240,-280,-45,-27,0,0,0,0,0,0,-14,-66,-63,-97,-26,-19,-18,-27,-39,-48,-6,-42,-7,-187,-205,-293,-80,-62,0,-111,-80,-107,-78,-94,-45,-10,-34,-202,0,0,0,0,111,8,219,210,224,0,0,0,223,0,8,0,0,0,0,0,455,445,434,407,1392,1316]} 1. c4 f5 2. b4 Nf6 (2... d6 3. Bb2 e5 4. e3 Nf6 5. d4 e4 6. d5 g6 7. Ne2 Bg7 8. Nf4 O-O 9. h4 Qe8 10. Be2 a5 11. b5 Nh5 12. Bxg7 Nxg7 {1-0 (45) Carlsen,M (2835)-Vlassov,N (2401) St Petersburg 2018}) 3. Bb2 e6 4. a3 c5 $146 ({Predecessor:} 4... a5 5. b5 b6 6. Nf3 Bb7 7. g3 d6 8. Bg2 Be7 9. O-O O-O 10. d3 {1-0 (51) Agdestein,S (2594)-Nordahl,H (2374) Oslo 2006}) 5. b5 d6 6. e3 {A10: English Opening: Unusual Replies for Black} Nbd7 7. d4 g6 8. Nf3 {The position is equal.} Bg7 9. Be2 Qe7 10. Qc2 e5 11. d5 (11. O-O $11 {keeps the balance.}) 11... e4 12. Nfd2 Ne5 13. Nc3 Bd7 14. O-O-O (14. a4 $15) 14... a6 $17 15. h3 O-O 16. f4 (16. Kb1 $17 {might work better.}) 16... exf3 $1 $19 17. gxf3 Be8 (17... axb5 18. cxb5 c4 19. Bxc4 $15) (17... Nf7 $19 18. Nf1 axb5 19. Nxb5 Bxb5 20. cxb5 Nh5 21. Bxg7 Kxg7) 18. Rhe1 Ned7 19. Bd3 Nh5 20. f4 Nb6 21. Be2 (21. a4 $17) 21... Nf6 22. Bf3 axb5 23. cxb5 Qf7 24. Kb1 Bd7 (24... Nbxd5 $2 25. Nxd5 Nxd5 26. Nc4 $18) 25. h4 (25. Qb3 $17 {was called for.}) 25... Ra5 (25... Nfxd5 $2 26. Nxd5 Nxd5 27. Nc4 $18) 26. h5 Rfa8 (26... Nfxd5 27. Bxd5 Nxd5 28. Nxd5 $16) (26... Nbxd5 $2 27. Nxd5 Rxb5 28. hxg6 $18) (26... gxh5 27. Be2) (26... Nxh5 27. Bxh5 Rfa8 28. Be2 $11) 27. hxg6 hxg6 28. Qb3 Ne8 $2 (28... Na4 $19 29. Kc2 Nxb2 30. Qxb2 Ne4 31. Bxe4 Bxc3 32. Qxc3 Rxa3) 29. Be2 $1 $15 Nc7 {[%cal Rb6d5]} 30. Nc4 $1 {[%cal Rc4b6]} Nxc4 31. Bxc4 Ne8 32. Rh1 Nf6 33. Rh4 (33. Rde1 $11) 33... Qe7 {And now ...Ne4 would win.} 34. Rh3 $1 {[#]} Kf7 (34... g5 $1 $17 {[%mdl 512] Hoping for ...g4.} 35. fxg5 Ng4) 35. Ka2 b6 36. Rg1 Rh8 37. Rhg3 Rh6 38. Qc2 Ra8 39. Qg2 $2 (39. R1g2 $1 $11 {and White is okay.}) 39... Ng4 $19 {White must now prevent ...Rh2.} 40. e4 (40. Qd2 $142) 40... Bd4 $2 (40... Rh2 $19 {has better winning chances.} 41. Rxg4 Rxg2 42. R4xg2 Bxc3 43. Bxc3 Qxe4 {[%mdl 64] Double Attack}) 41. e5 $17 Kg7 ({Black should try} 41... Bxg1 $15 42. e6+ Kf8 43. Qxg1 Be8) 42. Rxg4 (42. e6 $1 $11) 42... fxg4 43. e6 Be8 {Strongly threatening ...Rh3.} 44. Ne4 Kg8 45. Bxd4 cxd4 46. Qd2 $2 ({White should play} 46. Qxg4 $15 Qa7 47. Qf3) 46... Qg7 $2 (46... Rh3 $19 47. Qxd4 Raxa3+ 48. Kb1 Ra4 49. Rxg4 Qa7 50. Nf6+ {[%mdl 64] Double Attack} Kf8 51. Nd7+ {[%mdl 64] Double Attack} Kg8 52. Nf6+ {[%mdl 64] Double Attack} Kf8 53. Nd7+ {[%mdl 64] Double Attack} Kg8 54. Nf6+ {[%mdl 64] Double Attack}) 47. Rxg4 $11 {aiming for f5.} Rh3 48. Bb3 {[#]} Qh8 (48... Bxb5 $6 49. f5 $16) (48... Qa7 $1 $11 49. Nf6+ (49. Qb2 $2 Rh2 $19) 49... Kf8 $1 {[%mdl 512]}) 49. Rg2 (49. Nxd6 $2 Rxb3 $1 {[%mdl 512]} 50. Kxb3 Qh3+ 51. Kc2 Rxa3 $19) (49. f5 $1 $16) 49... Re3 $2 (49... d3 $1 $11 {and Black stays safe.}) 50. Rh2 $1 $18 {[%cal Rh2h8][%mdl 1024] White has strong compensation.} (50. Nxd6 $2 Rxb3 $1 {[%mdl 512]} 51. Kxb3 Qh3+ 52. Kb2 Qxa3+ 53. Kb1 Qa1+ 54. Kc2 Ra2+ 55. Kd3 Rxd2+ $19) 50... Rh3 51. Rg2 Re3 (51... Qg7 $6 52. Rh2 $16 (52. Nxd6 Qf8 $16)) 52. Rh2 $1 {[%cal Rh2h8]} (52. Nxd6 $2 Rxb3 $1 {[%mdl 512]} 53. Kxb3 Qh3+ 54. Kb2 Qxa3+ 55. Kc2 Qxd6 $19) 52... Rh3 $1 {[%cal Rh3h2] [#]} (52... Qg7 $2 53. Nxd6 Qf6 54. Nc4 $18) 53. Rg2 $2 (53. Rxh3 $1 $18 Qxh3 54. Nxd6) 53... d3 $132 {[%mdl 2048] Black is fighting back} 54. Nxd6 Rh1 $1 {[%csl Gh1][%cal Rh8a1]} 55. Bd1 $1 ({Much worse is} 55. Qb2 Ra1+ 56. Kxa1 Rxa3+ 57. Kb1 Qh1+ 58. Qc1 Ra1+ 59. Kxa1 Qxc1+ 60. Ka2 Qf1 $19) 55... Qd4 56. Nxe8 Rxd1 $2 {[%mdl 8192] [#]} ({Of course not} 56... Rxe8 $6 57. Rxg6+ Kh7 58. Rg3 $16) (56... Qxd5+ $11 57. Kb2 (57. Bb3 Ra1+ 58. Kxa1 Qxb3 $11) 57... Qd4+ 58. Ka2 (58. Qc3 $2 Qxc3+ 59. Kxc3 Rxd1 $17) 58... Kf8 59. Rxg6 Rxe8) 57. Rxg6+ {Played: Ne8-f6} 1-0

[Event "CAT-ch Open-Women 2019"]
[Site "Platja de la Pineda"]
[Date "2019.04.22"]
[Round "8.6"]
[White "Boixader Arbo, Xavier"]
[Black "Ros Alonso, Joana"]
[Result "1-0"]
[WhiteElo "2154"]
[BlackElo "1954"]
[Annotator "NA"]
[PlyCount "101"]
[EventDate "2019.04.18"]
[EventType "swiss"]
[EventCountry "ESP"]
[SourceTitle "playchess.com"]
[Source "ChessBase"]
[SourceQuality "1"]
[TimeControl "5400+30"]

1. e4 e6 2. d4 d5 3. Bd3 dxe4 4. Bxe4 Nf6 5. Bf3 c5 6. Ne2 Nc6 7. Be3 cxd4 8. Nxd4 Ne5 9. O-O Nxf3+ 10. Qxf3 Be7 11. Nc3 O-O 12. Rad1 Qa5 13. Ndb5 a6 14. Nd6 Qb4 15. Rd4 Qxb2 16. Na4 Qxa2 17. Nb6 Bxd6 18. Rxd6 Rb8 19. Bd4 Qxc2 20. Bxf6 gxf6 21. Qxf6 Qg6 22. Qe7 Qg7 23. Rd3 Kh8 24. Rg3 Qh6 25. Qd6 Bd7 26. Nxd7 Rbd8 27. Qe5+ f6 28. Qxe6 Rfe8 29. Qf7 f5 30. Qxf5 Re7 31. Qf6+ Qxf6 32. Nxf6 Re6 33. Ng4 b5 34. h3 a5 35. Ra1 a4 36. Re3 Rxe3 37. Nxe3 Rd3 38. Rb1 a3 39. Rxb5 a2 40. Ra5 Rd2 41. Kh2 Rxf2 42. Nd5 Rf5 43. Ra8+ Kg7 44. Nc3 Rf2 45. Rxa2 Rxa2 46. Nxa2 Kh8 47. Kg3 Kg8 48. Kf4 Kh8 49. Kf5 Kg7 50. Nc3 Kh8 51. Ne4 1-0

[Event "CAT-ch Open-Women 2019"]
[Site "Platja de la Pineda"]
[Date "2019.04.22"]
[Round "8.7"]
[White "Sosa Tomas, Valentin"]
[Black "Campos Cayuelas, Adria"]
[Result "1-0"]
[WhiteElo "2508"]
[BlackElo "2162"]
[Annotator "TA RC"]
[PlyCount "63"]
[EventDate "2019.04.18"]
[EventType "swiss"]
[EventCountry "ESP"]
[SourceTitle "playchess.com"]
[Source "ChessBase"]
[SourceQuality "1"]

{[%evp 20,65,54,52,49,45,58,62,82,89,96,52,58,68,43,52,381,381,407,411,394,402,411,378,381,389,397,393,536,544,532,525,897,566,567,475,1210,1225,1106,1104,29969,29966,29992,29969,29982,29960,2681,2462]} 1. e4 e6 2. d4 d5 3. Nd2 Nf6 4. e5 Nfd7 5. Bd3 c5 6. c3 Nc6 7. Ngf3 cxd4 8. cxd4 f6 9. exf6 Nxf6 10. O-O Bd6 11. b3 O-O {C06: French Tarrasch: 3...Nf6 4 e5 Nfd7 5 Bd3 main lines} 12. Bb2 Qc7 (12... Bd7 13. Ne5 Qb6 14. Nxd7 Nxd7 15. Qg4 Rae8 16. Nf3 Nf6 17. Qh4 e5 18. dxe5 Nxe5 19. Bxe5 Bxe5 {1-0 (66) Fedorchuk,S (2669)-Piorun,K (2517) Wroclaw 2014}) 13. Rc1 Bd7 {White is slightly better.} 14. Ne5 Qb6 $146 ({Predecessor:} 14... Rae8 15. Ndf3 Re7 16. Qd2 Be8 17. Qf4 Qb8 18. Qh4 g6 19. Rce1 {1-0 (63) Carraminana Lopez,L (1958)-Valles Mata,D (2107) Aragon 2008}) 15. Nxd7 Nxd7 16. Qg4 Rae8 17. Nf3 Rf4 $2 {[%mdl 8192] [#]} ({Black should try} 17... Re7 $14) 18. Bxh7+ $1 $18 {[%mdl 512]} Kf8 (18... Kxh7 19. Qh5+) 19. Qg3 Nf6 20. Bg6 Rd8 {next ...Rg4 is good for Black.} 21. Qh3 Ne7 22. Bb1 Nf5 23. Rfe1 Ne4 24. Bxe4 dxe4 25. Ng5 $1 {[%csl LRe4,LRe6][%mdl 64] Double Attack} Bb4 {aiming for ...Rh4.} 26. Rxe4 Rxe4 27. Nxe4 Nxd4 (27... Be7 $142 28. d5 Rxd5 29. Qh8+ Kf7 30. Qh5+ Kf8) 28. Qh8+ Kf7 29. Qh5+ Kg8 30. Ng5 Nf5 31. Qh7+ Kf8 {[#]} 32. Bxg7+ {Played: Bb2-f6} 1-0

[Event "CAT-ch Open-Women 2019"]
[Site "Platja de la Pineda"]
[Date "2019.04.22"]
[Round "8.7"]
[White "Fernandez Aguilar, Francisco"]
[Black "Hernando Rodrigo, Imma"]
[Result "1-0"]
[WhiteElo "2132"]
[BlackElo "1859"]
[Annotator "NA"]
[PlyCount "117"]
[EventDate "2019.04.18"]
[EventType "swiss"]
[EventCountry "ESP"]
[SourceTitle "playchess.com"]
[Source "ChessBase"]
[SourceQuality "1"]
[TimeControl "5400+30"]

1. Nf3 d5 2. g3 Nf6 3. Bg2 g6 4. O-O Bg7 5. d4 O-O 6. c4 c6 7. Qb3 dxc4 8. Qxc4 Qd5 9. Qa4 Qd8 10. Nc3 Nbd7 11. Rd1 Nb6 12. Qc2 e6 13. e4 h6 14. h3 Qe7 15. b3 Rd8 16. Be3 Nbd7 17. Rd2 b6 18. e5 Nd5 19. Nxd5 cxd5 20. Qc6 Ba6 21. Qa4 Bb7 22. Rc2 Nb8 23. Rac1 Bc6 24. Rxc6 Nxc6 25. Qxc6 Qd7 26. Qxd7 Rxd7 27. Bf1 a6 28. Bd3 b5 29. Kf1 Raa7 30. Rc8+ Kh7 31. h4 Rdc7 32. Rxc7 Rxc7 33. h5 Bf8 34. Nh4 Rc3 35. Ke2 Kg7 36. hxg6 fxg6 37. Bxg6 Ba3 38. Bd2 Rc6 39. Bd3 Bc1 40. f4 Bxd2 41. Kxd2 Kf7 42. g4 Rc8 43. Ng2 Rg8 44. Ne3 Rh8 45. Be2 Kg6 46. Bf3 Rf8 47. f5+ Kg7 48. Bh1 h5 49. fxe6 hxg4 50. Nxg4 Rd8 51. Nf6 Kf8 52. Bxd5 Ke7 53. b4 Rh8 54. Bb3 Kd8 55. d5 Rh2+ 56. Kd3 Rh3+ 57. Kd4 Rh4+ 58. Kc5 Rh1 59. Kd6 1-0

[Event "CAT-ch Open-Women 2019"]
[Site "Platja de la Pineda"]
[Date "2019.04.22"]
[Round "8.8"]
[White "Del Amo Carbo, Jordi"]
[Black "Ayats Llobera, Gerard"]
[Result "0-1"]
[WhiteElo "2175"]
[BlackElo "2363"]
[Annotator "NA RC"]
[PlyCount "70"]
[EventDate "2019.04.18"]
[EventType "swiss"]
[EventCountry "ESP"]
[SourceTitle "playchess.com"]
[Source "ChessBase"]
[SourceQuality "1"]
[TimeControl "5400+30"]

1. Nf3 Nf6 2. g3 g6 3. Bg2 Bg7 4. O-O O-O 5. c4 d6 6. Nc3 e5 7. d3 Nc6 8. Rb1 a5 9. a3 h6 10. b4 Be6 11. Bd2 Qd7 12. Ne1 axb4 13. axb4 d5 14. cxd5 Nxd5 15. Nc2 Nd4 16. Ne3 Nxc3 17. Bxc3 Ra2 18. Rb2 Nb5 19. Bxe5 Bxe5 20. Rxa2 Bxa2 21. Qc2 Be6 22. Bxb7 Nd4 23. Qd2 c5 24. Bf3 cxb4 25. Qxb4 Nxf3+ 26. exf3 Qxd3 27. Rd1 Qb3 28. Qc5 Bg7 29. Kg2 Kh7 30. h4 h5 31. g4 hxg4 32. h5 Qb7 33. hxg6+ fxg6 34. Rh1+ Kg8 35. Nxg4 Qxf3+ 0-1

[Event "CAT-ch Open-Women 2019"]
[Site "Platja de la Pineda"]
[Date "2019.04.22"]
[Round "8.8"]
[White "Martin Barcelo, Carles"]
[Black "Martin Perez, Laura"]
[Result "1/2-1/2"]
[WhiteElo "2030"]
[BlackElo "2105"]
[Annotator "NA"]
[PlyCount "82"]
[EventDate "2019.04.18"]
[EventType "swiss"]
[EventCountry "ESP"]
[SourceTitle "playchess.com"]
[Source "ChessBase"]
[SourceQuality "1"]
[TimeControl "5400+30"]

1. e4 e5 2. Nf3 Nc6 3. d4 exd4 4. Bc4 Be7 5. c3 d6 6. cxd4 Nf6 7. Nc3 O-O 8. O-O Bg4 9. Be2 Re8 10. h3 Bh5 11. d5 Bxf3 12. Bxf3 Ne5 13. Be2 Bf8 14. Be3 c6 15. dxc6 Nxc6 16. Bg5 h6 17. Bxf6 Qxf6 18. Nd5 Qd8 19. Qd3 Rc8 20. Rac1 Ne7 21. Bg4 Rxc1 22. Rxc1 Nxd5 23. Qxd5 Qg5 24. Rc7 Qxd5 25. exd5 Re7 26. Bd7 Re1+ 27. Kh2 b6 28. Rxa7 Re2 29. b3 Rxf2 30. Kg3 Re2 31. Kf3 Re7 32. a4 g6 33. b4 Bg7 34. a5 bxa5 35. bxa5 Bd4 36. Rb7 Re3+ 37. Kf4 g5+ 38. Kg4 Re4+ 39. Kf3 Re3+ 40. Kg4 Re4+ 41. Kf3 Re3+ {Ke4} 1/2-1/2

[Event "CAT-ch Open-Women 2019"]
[Site "Platja de la Pineda"]
[Date "2019.04.22"]
[Round "8.9"]
[White "Fernandez Diaz, Cristian"]
[Black "Barbero Sendic, Alejandro"]
[Result "0-1"]
[WhiteElo "2237"]
[BlackElo "2361"]
[Annotator "NA RC"]
[PlyCount "67"]
[EventDate "2019.04.18"]
[EventType "swiss"]
[EventCountry "ESP"]
[SourceTitle "playchess.com"]
[Source "ChessBase"]
[SourceQuality "1"]
[TimeControl "5400+30"]

1. Nf3 Nf6 2. d4 e6 3. Bf4 d5 4. e3 Be7 5. Bd3 Nh5 6. Be5 Nf6 7. h3 c5 8. c3 Nc6 9. Bg3 Ne4 10. Bxe4 dxe4 11. Ne5 Nxe5 12. Bxe5 O-O 13. O-O b6 14. Qe2 f6 15. Bh2 a5 16. Rd1 Ba6 17. c4 Qc8 18. Nc3 cxd4 19. Rxd4 f5 20. Nb5 Bc5 21. Rd2 Bb4 22. Rc2 Qb7 23. Nc7 Rac8 24. Nxe6 Rf6 25. Nd4 Qf7 26. a3 Bd6 27. Bxd6 Rxd6 28. Rac1 f4 29. Nb5 Rd3 30. exf4 Qxf4 31. a4 Bb7 32. Qg4 Qe5 33. Re1 Rf8 34. Qe2 0-1

[Event "CAT-ch Open-Women 2019"]
[Site "Platja de la Pineda"]
[Date "2019.04.22"]
[Round "8.9"]
[White "Gurrutxaga Telleria, Jose Luis"]
[Black "Barberans Sola, Sebastia"]
[Result "1-0"]
[WhiteElo "2099"]
[BlackElo "1935"]
[Annotator "NA"]
[PlyCount "73"]
[EventDate "2019.04.18"]
[EventType "swiss"]
[EventCountry "ESP"]
[SourceTitle "playchess.com"]
[Source "ChessBase"]
[SourceQuality "1"]
[TimeControl "5400+30"]

1. d4 d5 2. Nf3 Nc6 3. c4 Bg4 4. cxd5 Bxf3 5. dxc6 Bxc6 6. Nc3 e6 7. e4 Bb4 8. f3 Qh4+ 9. g3 Qf6 10. Be3 Rd8 11. Rc1 Bc5 12. e5 Qxf3 13. Qxf3 Bxf3 14. Bb5+ c6 15. Rf1 Bb4 16. Rxf3 cxb5 17. a3 Bxc3+ 18. Rxc3 Ne7 19. Rc7 Rd7 20. Rxd7 Kxd7 21. Rxf7 Ke8 22. Rxg7 Kf8 23. Bh6 Nf5 24. Rxh7+ Kg8 25. Rxh8+ Kxh8 26. Bf8 Nxd4 27. Kf2 a6 28. g4 Kh7 29. h4 Nc6 30. Bd6 a5 31. Ke3 a4 32. Kf4 Nd4 33. h5 Ne2+ 34. Kg5 Kg7 35. h6+ Kf7 36. Be7 Nd4 37. Bf6 1-0

[Event "CAT-ch Open-Women 2019"]
[Site "Platja de la Pineda"]
[Date "2019.04.22"]
[Round "8.10"]
[White "Millaret Lores, Francesc"]
[Black "Jimenez Ruano, Adrian"]
[Result "0-1"]
[WhiteElo "2028"]
[BlackElo "2287"]
[Annotator "NA"]
[PlyCount "58"]
[EventDate "2019.04.18"]
[EventType "swiss"]
[EventCountry "ESP"]
[SourceTitle "playchess.com"]
[Source "ChessBase"]
[SourceQuality "1"]
[TimeControl "5400+30"]

1. e4 c5 2. Nf3 Nc6 3. Bb5 g6 4. O-O Bg7 5. Re1 e5 6. Bxc6 dxc6 7. d3 Qe7 8. Nbd2 h6 9. a4 Nf6 10. a5 Bg4 11. h3 Bxf3 12. Qxf3 Nd7 13. Nc4 O-O 14. Qg3 b5 15. axb6 axb6 16. Bd2 Qe6 17. Rxa8 Rxa8 18. f4 exf4 19. Qxf4 b5 20. Na5 Bxb2 21. Qc7 Ne5 22. Rf1 g5 23. c3 b4 24. Rf5 bxc3 25. Rxe5 cxd2 26. Rxe6 d1=Q+ 27. Kh2 fxe6 28. Nxc6 Bg7 29. Nd8 Qa1 0-1

[Event "CAT-ch Open-Women 2019"]
[Site "Platja de la Pineda"]
[Date "2019.04.22"]
[Round "8.10"]
[White "Guix Torres, David"]
[Black "Torras Coloma, Pau"]
[Result "1/2-1/2"]
[WhiteElo "1972"]
[BlackElo "1807"]
[Annotator "NA"]
[PlyCount "93"]
[EventDate "2019.04.18"]
[EventType "swiss"]
[EventCountry "ESP"]
[SourceTitle "playchess.com"]
[Source "ChessBase"]
[SourceQuality "1"]
[TimeControl "5400+30"]

1. e4 c5 2. Nf3 Nc6 3. d4 cxd4 4. c3 dxc3 5. Nxc3 e6 6. Bc4 Qc7 7. O-O Nf6 8. e5 Ng4 9. Nb5 Qb8 10. Nd6+ Bxd6 11. exd6 Nge5 12. Nxe5 Nxe5 13. Bb3 O-O 14. f4 Ng6 15. f5 exf5 16. Rxf5 b5 17. Bxf7+ Rxf7 18. Rxf7 Qb6+ 19. Rf2 Bb7 20. Qb3+ Kh8 21. Qg3 Re8 22. Bg5 Qc5 23. Rc1 Qd4 24. Be7 Ne5 25. Qf4 Nf3+ 26. Qxf3 Bxf3 27. gxf3 Kg8 28. Rc7 Rxe7 29. dxe7 Kf7 30. e8=Q+ Kxe8 31. Rcc2 Kf7 32. Rcd2 Qc5 33. Rxd7+ Kf6 34. Rdd2 Qc1+ 35. Kg2 Qc5 36. Rc2 Qg5+ 37. Kf1 Qe3 38. Rfe2 Qd3 39. Rc3 Qd1+ 40. Re1 Qd2 41. Re2 Qd1+ 42. Kf2 Qh1 43. Rc6+ Kf5 44. Rc5+ Kf6 45. Rc6+ Kf5 46. Rc5+ Kf6 47. Rc6+ {Ke5} 1/2-1/2

[Event "CAT-ch Open-Women 2019"]
[Site "Platja de la Pineda"]
[Date "2019.04.22"]
[Round "8.11"]
[White "Garcia Ramos, Daniel"]
[Black "Pena Morales, Hugo"]
[Result "1/2-1/2"]
[WhiteElo "2286"]
[BlackElo "2276"]
[Annotator "NA"]
[PlyCount "123"]
[EventDate "2019.04.18"]
[EventType "swiss"]
[EventCountry "ESP"]
[SourceTitle "playchess.com"]
[Source "ChessBase"]
[SourceQuality "1"]
[TimeControl "5400+30"]

1. e4 c5 2. Nf3 d6 3. d4 cxd4 4. Nxd4 Nf6 5. f3 Nc6 6. Nc3 g6 7. Be3 Bg7 8. Qd2 O-O 9. Bc4 Bd7 10. Bb3 Rc8 11. O-O-O Ne5 12. h4 h5 13. g4 hxg4 14. h5 Nxh5 15. Bh6 e6 16. Rdg1 Qf6 17. Bxg7 Qxg7 18. fxg4 Nf6 19. g5 Nh5 20. Nce2 Nc4 21. Qb4 a5 22. Qxb7 Ne5 23. a4 Nd3+ 24. Kb1 Nc5 25. Qb6 Qe5 26. Qxa5 Qxe4 27. Qd2 e5 28. Rxh5 Nxb3 29. Nxb3 gxh5 30. Nc3 Qf4 31. Qxf4 exf4 32. Nd5 Bg4 33. Nd2 Rc5 34. Nxf4 Bf5 35. Nd3 Rd5 36. Rh1 Bxd3 37. cxd3 Rxd3 38. Ne4 Rd4 39. Nf6+ Kg7 40. Rxh5 Rxa4 41. Rh6 Rfa8 42. Nh5+ Kf8 43. Rxd6 Ra1+ 44. Kc2 Rc8+ 45. Kd2 Rb8 46. g6 Rh1 47. g7+ Kg8 48. Rh6 Rxb2+ 49. Kc3 Rxh5 50. Rxh5 Re2 51. Kd3 Re6 52. Rg5 Re8 53. Kd4 Re7 54. Rg4 Re2 55. Rg5 Re6 56. Rg4 Re8 57. Rg5 f6 58. Rg6 Kf7 59. g8=Q+ Rxg8 60. Rxg8 Kxg8 61. Ke4 f5+ 62. Kxf5 1/2-1/2

[Event "CAT-ch Open-Women 2019"]
[Site "Platja de la Pineda"]
[Date "2019.04.22"]
[Round "8.11"]
[White "Rodon Balcells, Jaume"]
[Black "Guerra Reig, Juan"]
[Result "1-0"]
[WhiteElo "1862"]
[BlackElo "1996"]
[Annotator "NA"]
[PlyCount "69"]
[EventDate "2019.04.18"]
[EventType "swiss"]
[EventCountry "ESP"]
[SourceTitle "playchess.com"]
[Source "ChessBase"]
[SourceQuality "1"]
[TimeControl "5400+30"]

1. e4 c6 2. Nf3 d5 3. Nc3 dxe4 4. Nxe4 Bg4 5. Bc4 e6 6. h3 Bh5 7. g4 Bg6 8. Qe2 Bxe4 9. Qxe4 Nf6 10. Qe2 Nbd7 11. Ng5 Nd5 12. d4 Bb4+ 13. c3 Bd6 14. Bd2 N7b6 15. Bb3 Nf4 16. Nxf7 Nxe2 17. Nxd8 Nxd4 18. Nxb7 Nf3+ 19. Ke2 Nxd2 20. Kxd2 Bf4+ 21. Kc2 Nd5 22. Rhe1 Kf7 23. Re4 g5 24. Rae1 e5 25. Rc4 Kg7 26. Rxc6 Nf6 27. Nd6 Rad8 28. Rc7+ Rd7 29. Nf5+ Kg6 30. Rxd7 Nxd7 31. Rd1 Nf6 32. Rd6 h5 33. Be6 hxg4 34. hxg4 Nxg4 35. Ne7+ 1-0

[Event "CAT-ch Open-Women 2019"]
[Site "Platja de la Pineda"]
[Date "2019.04.22"]
[Round "8.12"]
[White "Valenzuela Gomez, Fernando"]
[Black "Pla Almenar, Nel"]
[Result "1-0"]
[WhiteElo "2406"]
[BlackElo "2006"]
[Annotator "TA"]
[PlyCount "55"]
[EventDate "2019.04.18"]
[EventType "swiss"]
[EventCountry "ESP"]
[SourceTitle "playchess.com"]
[Source "ChessBase"]
[SourceQuality "1"]

{[%evp 18,75,72,57,63,48,68,70,94,106,124,112,128,121,123,74,120,107,267,267,227,225,209,214,238,242,250,269,395,375,433,422,462,343,461,439,430,351,375,394,524,343,322,248,237,253,387,370,365,381,352,359,422,422,496,471,566,552,1970,1675]} 1. d4 Nf6 2. c4 g6 3. Nc3 Bg7 4. e4 d6 5. Nf3 O-O 6. Be2 e5 7. d5 Na6 8. Be3 Nc5 9. Nd2 a5 10. a3 {[%cal Ba2a3,Ba3b4,Bb4b5,Bb5c6][%mdl 32]} Bd7 {E93: King's Indian: Classical: Petrosian System with 7...Nbd7} 11. b4 axb4 12. axb4 Rxa1 {White is slightly better.} (12... Na6 13. Rb1 c6 14. O-O cxd5 15. cxd5 Nc7 16. b5 Kh8 17. Nc4 Nce8 18. Ra1 {1-0 (82) Wojtaszek,R (2715)-Fier,A (2580) Dubai 2014}) 13. Qxa1 Na6 14. Qa3 Ng4 15. Bxg4 $1 Bxg4 16. b5 $146 ({Predecessor:} 16. c5 dxc5 17. bxc5 Bc8 18. O-O {1-0 (37) Henrichs,T (2491)-Osipiak,G (2338) Dortmund 2017}) 16... Nb8 17. c5 $36 {[%mdl 2048] White is on the roll.} Re8 $2 {[#]} (17... dxc5 $16 {was worth a try.} 18. Bxc5 Re8) 18. c6 $18 bxc6 19. bxc6 ({Resist} 19. dxc6 $6 Be6) 19... Bc8 20. O-O Na6 21. Nb5 f5 22. f3 f4 (22... Bf8 $142 23. Na7 Nc5) 23. Bf2 g5 24. Na7 Bf8 25. Nc4 Nc5 26. Bxc5 dxc5 27. Qa2 Kh8 28. h3 {Played: Qa2-a1} 1-0

[Event "CAT-ch Open-Women 2019"]
[Site "Platja de la Pineda"]
[Date "2019.04.22"]
[Round "8.12"]
[White "Siso Ribes, Genis Alfred"]
[Black "Ribera Veganzones, Josep Maria"]
[Result "0-1"]
[WhiteElo "1654"]
[BlackElo "1980"]
[Annotator "NA"]
[PlyCount "78"]
[EventDate "2019.04.18"]
[EventType "swiss"]
[EventCountry "ESP"]
[SourceTitle "playchess.com"]
[Source "ChessBase"]
[SourceQuality "1"]
[TimeControl "5400+30"]

1. e4 c5 2. Nc3 Nc6 3. f4 g6 4. Nf3 Bg7 5. Bc4 e6 6. f5 Nge7 7. fxe6 dxe6 8. O-O O-O 9. a4 Na5 10. Ba2 Nec6 11. d3 Nd4 12. Bf4 Nac6 13. Bc4 e5 14. Bg3 Kh8 15. Nxd4 cxd4 16. Nd5 Qd6 17. Qd2 Ne7 18. Nxe7 Qxe7 19. Rae1 Be6 20. Bxe6 Qxe6 21. Re2 a5 22. Ref2 b6 23. Bh4 f6 24. Rf3 Rac8 25. b4 g5 26. Be1 axb4 27. Qxb4 Rxc2 28. Qxf8+ Bxf8 29. Rxf6 Qa2 30. Rxf8+ Kg7 31. Bg3 Rxg2+ 32. Kh1 Rxg3 33. hxg3 Qxa4 34. R8f7+ Kg6 35. R7f6+ Kh5 36. Kg2 Kg4 37. R1f2 Qa3 38. R6f5 Qxd3 39. Rxe5 Qxg3+ 0-1